| 000 | 00590cam a22002291 4500 | ||
|---|---|---|---|
| 001 | sa 67003200 | ||
| 003 | DLC | ||
| 005 | 20260227112336.0 | ||
| 008 | 910926s1966 ii 000 0 hino | ||
| 010 | _asa 67003200 | ||
| 035 | _a(OCoLC)24460098 | ||
| 040 |
_aDLC _cWaU _dDLC |
||
| 041 | 1 |
_ahin _hinc |
|
| 050 | 0 | 0 |
_aPK2131.A1 _bS5 |
| 100 | 1 |
_aŚrotriya, Kr̥shṇacandra, _d1908- |
|
| 245 | 1 | 0 | _aAntarbhāratī. |
| 260 | _c[1966] | ||
| 300 |
_a114 p. _c19 cm. |
||
| 500 | _aIn Hindi. | ||
| 650 | 0 |
_aIndic literature _xTranslations into Hindi. |
|
| 700 | 1 |
_aBhanawat, Narendra, _d1934- |
|
| 999 |
_c73695 _d73695 |
||